Statistiques concernant Focus sur: Turgon - Tolkien

Cliquez ici pour prendre le quiz!

Statistiques générales

  • Ce quiz a été pris 9 fois
    (7 depuis la dernière actualisation)
  • Le résultat moyen est 14 sur 21

Statistiques - réponses

Informations recherchéesRéponses% Correct
EspèceElfe
100%
Gondolin
100%
Première apparitionLe Silmarillion
100%
Age durant lequel il vécutPremier
100%
Profession et titreRoi de Gondolin/Nevrast
100%
Royaume Caché
100%
Couleur des cheveux"Sombre"
100%
FrèresFingon
86%
Groupe de l'espèceNoldor
86%
PèreFingolfin
71%
Maison (lignée)Fingolfin
71%
Nevrast
71%
Nom de l'armeGlamdring
57%
FilleIdril
57%
Contrées et royaumesValinor
57%
SœurAredhel
43%
CitésVinyamar
43%
Argon
29%
EpouseElenwë
29%
MèreAnairë
14%
Autre nomTurukáno
14%

Distribution des résultats

Percentile par nombre de réponses

% des personnes avec chaque résultat

Votre développement - résultats

Vous n’avez pas pris ce quiz depuis la dernière actualisation